[Event "DSOL 02 Liga Gr-A 1st"]
[Site "Playchess.com INT"]
[Date "2020.08.05"]
[Round "7.4"]
[White "Sakkal, Ahmad"]
[Black "Bilicki, Joern"]
[Result "1-0"]
[WhiteElo "2048"]
[BlackElo "1757"]
[PlyCount "87"]
[EventDate "2020.06.22"]
[EventType "team-tourn (rapid)"]
[EventCountry "GER"]
[SourceTitle "EXT 2021"]
[Source "ChessBase"]
[SourceDate "2020.10.23"]
[SourceVersion "1"]
[SourceVersionDate "2020.10.23"]
[SourceQuality "1"]
[WhiteTeam "Walldorf"]
[BlackTeam "Barmbek"]
[WhiteTeamCountry "GER"]
[BlackTeamCountry "GER"]

1. e4 e6 2. Nc3 d5 3. exd5 exd5 4. d4 Bb4 5. Nf3 Bg4 6. Be2 Ne7 7. 0-0 Bxf3 8. Bxf3 c6 9. Bg5 0-0 10. a3 Bd6 11. Re1 Qc7 12. h3 f6 13. Be3 Nd7 14. b4 b5 15. Qd2 Nb6 16. Be2 Nf5 17. Bd3 Nc4 18. Bxc4 dxc4 19. d5 Nxe3 20. Qxe3 Be5 21. Rad1 Bxc3 22. Qxc3 cxd5 23. Rxd5 a6 24. a4 Rad8 25. Rc5 Qd7 26. axb5 axb5 27. Ra1 Rc8 28. Ra6 Rxc5 29. bxc5 Qc8 30. Qa3 b4 31. Qa5 b3 32. cxb3 c3 33. Qb5 Rd8 34. Qc4+ Kf8 35. Kh2 c2 36. Ra2 Qb8+ 37. g3 c1Q 38. Qxc1 Qxb3 39. Ra7 Qf3 40. Qb2 h5 41. c6 Qxc6 42. Qb4+ Rd6 43. Qb8+ Qe8 44. Qxd6+ 1-0

[Event "Verbandsliga Nordbaden 1718"]
[Site "Baden"]
[Date "2018.04.22"]
[Round "8.6"]
[White "Schlager, Thomas"]
[Black "Sakkal, Ahmad"]
[Result "1-0"]
[WhiteElo "2211"]
[BlackElo "2101"]
[PlyCount "79"]
[EventDate "2017.10.08"]
[EventType "team-tourn"]
[EventRounds "9"]
[EventCountry "GER"]
[SourceTitle "EXT 2019"]
[Source "ChessBase"]
[SourceDate "2018.10.10"]
[SourceVersion "1"]
[SourceVersionDate "2018.10.10"]
[SourceQuality "1"]
[WhiteTeam "Karlsruhe"]
[BlackTeam "Walldorf II"]
[WhiteTeamCountry "GER"]
[BlackTeamCountry "GER"]

1. d4 Nf6 2. c4 e6 3. Nc3 d5 4. Bg5 Be7 5. e3 0-0 6. Nf3 b6 7. Rc1 Bb7 8. cxd5 Nxd5 9. Nxd5 Bxd5 10. Bxe7 Qxe7 11. Bd3 c5 12. dxc5 bxc5 13. Qc2 Nc6 14. a3 Bxf3 15. gxf3 Qf6 16. Bxh7+ Kh8 17. Be4 Rac8 18. Qxc5 Ne7 19. Qh5+ Qh6 20. Qxh6+ gxh6 21. Ke2 f5 22. Bd3 Kg7 23. Rxc8 Rxc8 24. Kd2 Kf6 25. f4 h5 26. Rg1 h4 27. h3 Ng6 28. Rc1 Rb8 29. b4 Rb6 30. Rc7 e5 31. Rxa7 exf4 32. Ra6 Rxa6 33. Bxa6 Ke5 34. Bb7 fxe3+ 35. fxe3 f4 36. a4 Kf6 37. Be4 fxe3+ 38. Kxe3 Ne5 39. Kf4 Nd7 40. a5 1-0

[Event "Verbandsliga Nordbaden 1718"]
[Site "Baden"]
[Date "2018.01.28"]
[Round "5.5"]
[White "Sakkal, Ahmad"]
[Black "Krauss, Hans Peter"]
[Result "1/2-1/2"]
[WhiteElo "2101"]
[BlackElo "2218"]
[PlyCount "118"]
[EventDate "2017.10.08"]
[EventType "team-tourn"]
[EventRounds "9"]
[EventCountry "GER"]
[SourceTitle "EXT 2019"]
[Source "ChessBase"]
[SourceDate "2018.10.10"]
[SourceVersion "1"]
[SourceVersionDate "2018.10.10"]
[SourceQuality "1"]
[WhiteTeam "Walldorf II"]
[BlackTeam "Lindenhof"]
[WhiteTeamCountry "GER"]
[BlackTeamCountry "GER"]

1. e4 c5 2. Nf3 Nc6 3. Bb5 g6 4. c3 Bg7 5. d4 cxd4 6. cxd4 Qb6 7. Bxc6 dxc6 8. h3 Be6 9. b3 c5 10. Bb2 cxd4 11. Bxd4 Bxd4 12. Qxd4 Qxd4 13. Nxd4 Bd7 14. Nc3 Rc8 15. Kd2 e5 16. Ndb5 Bxb5 17. Nxb5 Rd8+ 18. Ke3 a6 19. Nc7+ Kd7 20. Rhd1+ Ke7 21. Nd5+ Ke6 22. Rac1 Ne7 23. Rc7 Rxd5 24. exd5+ Nxd5+ 25. Rxd5 Kxd5 26. Rxf7 b6 27. Rd7+ Kc6 28. Ra7 a5 29. h4 Kd5 30. f3 Rc8 31. Rd7+ Ke6 32. Rxh7 Rc2 33. g4 b5 34. Rb7 b4 35. Rb6+ Kf7 36. Rb5 Rxa2 37. Rxe5 Ra3 38. Kf4 Rxb3 39. Rxa5 Rc3 40. Ra7+ Kf6 41. g5+ Ke6 42. Rg7 Rc4+ 43. Kg3 Kf5 44. Rb7 Ke6 45. Rb6+ Kf7 46. f4 Kg7 47. Rb7+ Kg8 48. Kf3 Kf8 49. Rb6 Kf7 50. h5 gxh5 51. g6+ Kg7 52. f5 Rg4 53. Rb7+ Kh6 54. Rh7+ Kg5 55. Rf7 Kh6 56. Rb7 Kg5 57. Rh7 b3 58. g7 Kf6 59. Rxh5 Rxg7 1/2-1/2

[Event "Baden-ch op"]
[Site "Walldorf"]
[Date "2017.07.29"]
[Round "6"]
[White "Buecker, Stefan"]
[Black "Sakkal, Ahmad"]
[Result "1-0"]
[WhiteElo "2291"]
[BlackElo "2046"]
[PlyCount "41"]
[EventDate "2017.07.26"]
[EventType "swiss"]
[EventRounds "7"]
[EventCountry "GER"]
[SourceTitle "CBM 179 Extra"]
[Source "ChessBase"]
[SourceDate "2017.08.23"]
[SourceVersion "1"]
[SourceVersionDate "2017.08.23"]
[SourceQuality "1"]

1. b3 d5 2. Bb2 c5 3. e3 Nc6 4. f4 Bf5 5. Nf3 Nf6 6. Bb5 e6 7. Ne5 Rc8 8. 0-0 Bd6 9. Bxc6+ bxc6 10. d3 Qb6 11. c4 0-0 12. Qe2 Rfd8 13. Nd2 Qb4 14. Rad1 h6 15. Ndf3 Qa5 16. Ba1 Ng4 17. e4 f6 18. exf5 fxe5 19. fxe5 Be7 20. f6 gxf6 21. exf6 1-0

[Event "Untergrombach op 34th"]
[Site "Untergrombach"]
[Date "2017.01.06"]
[Round "6"]
[White "Sakkal, Ahmad"]
[Black "Fecht, Hans Peter"]
[Result "1/2-1/2"]
[WhiteElo "2060"]
[BlackElo "2150"]
[PlyCount "140"]
[EventDate "2017.01.03"]
[EventType "swiss"]
[EventRounds "7"]
[EventCountry "GER"]
[SourceTitle "CBM 176 Extra"]
[Source "ChessBase"]
[SourceDate "2017.03.02"]
[SourceVersion "1"]
[SourceVersionDate "2017.03.02"]
[SourceQuality "1"]

1. e4 c5 2. Nf3 e6 3. Nc3 Nc6 4. Bb5 Nd4 5. 0-0 Nxb5 6. Nxb5 a6 7. Nc3 d6 8. a4 Be7 9. d4 cxd4 10. Nxd4 Nf6 11. Be3 0-0 12. Qe2 Qc7 13. f4 Bd7 14. Kh1 Rac8 15. g4 d5 16. e5 Ne4 17. Nxe4 dxe4 18. g5 Bc5 19. c3 Bxd4 20. Bxd4 e3 21. b3 Bc6+ 22. Kg1 Qd7 23. Bxe3 Qd5 24. c4 Qh1+ 25. Kf2 Qxh2+ 26. Ke1 Qxe2+ 27. Kxe2 Be4 28. Bb6 f6 29. gxf6 gxf6 30. Rg1+ Bg6 31. Rad1 fxe5 32. fxe5 Rf5 33. Rd7 Rf7 34. Rd3 Rf5 35. Kd2 Rcf8 36. Rd7 R8f7 37. Rd8+ Rf8 38. Rd7 R8f7 39. Rxf7 Kxf7 40. Re1 Rf3 41. b4 Rd3+ 42. Ke2 Rb3 43. Rf1+ Ke8 44. Rf6 Bd3+ 45. Kf2 Bxc4 46. Bc5 Bd5 47. Rf8+ Kd7 48. Rf7+ Ke8 49. Rxh7 Rd3 50. a5 Rb3 51. Ke2 Kd8 52. Kd2 Kc8 53. Rf7 Kd8 54. Kc2 Rf3 55. Rg7 Ke8 56. Kb2 Rf7 57. Rg8+ Kd7 58. b5 axb5 59. Bd6 b4 60. Bxb4 Kc6 61. Bd6 Kb5 62. Ra8 Kc4 63. Rc8+ Kd4 64. Rc5 Rf2+ 65. Kb1 Re2 66. Ka1 Rxe5 67. Bxe5+ Kxc5 68. Kb2 Be4 69. Kc3 Kd5 70. Bc7 Bf5 1/2-1/2

[Event "Untergrombach op 33rd"]
[Site "Untergrombach"]
[Date "2016.01.05"]
[Round "5"]
[White "Sakkal, Ahmad"]
[Black "Kubacsny, Laszlo"]
[Result "1-0"]
[WhiteElo "2092"]
[BlackElo "2259"]
[PlyCount "71"]
[EventDate "2016.01.02"]
[EventType "swiss"]
[EventRounds "7"]
[EventCountry "GER"]
[SourceTitle "CBM 170 Extra"]
[Source "ChessBase"]
[SourceDate "2016.02.25"]
[SourceVersion "1"]
[SourceVersionDate "2016.02.25"]
[SourceQuality "1"]

1. e4 c5 2. Nf3 e6 3. c3 d5 4. e5 d4 5. cxd4 cxd4 6. Qa4+ Nc6 7. Bb5 Bd7 8. d3 Nge7 9. Bg5 Qb6 10. Nbd2 Nf5 11. Nc4 Qc7 12. g4 Bb4+ 13. Ke2 Nfe7 14. a3 Bc5 15. b4 Bb6 16. Nd6+ Kf8 17. Rac1 Nd5 18. Bd2 Nde7 19. Ng5 f6 20. Nge4 fxe5 21. f4 Kg8 22. fxe5 Rf8 23. Qb3 h6 24. a4 a6 25. Bc4 Kh7 26. Bxe6 Bxe6 27. Qxe6 Ng6 28. b5 Qe7 29. Qxe7 Ncxe7 30. a5 Bd8 31. b6 Nxe5 32. Nxb7 Nf3 33. Bb4 Nd5 34. Bxf8 Rxf8 35. Nxd8 Nf4+ 36. Kxf3 1-0